[Event "POL-chT Ekstraliga 2018"]
[Site "Wroclaw"]
[Date "2018.09.14"]
[Round "4"]
[White "Wojtaszek, Radoslaw"]
[Black "Protaziuk, Grzegorz"]
[Result "1-0"]
[WhiteElo "2730"]
[BlackElo "2334"]
[Annotator "TA"]
[PlyCount "77"]
[EventDate "2018.06.08"]
[EventType "team-tourn"]
[EventCountry "POL"]
[SourceTitle "playchess.com"]
[Source "ChessBase"]
[SourceQuality "1"]

{[%evp 9,77,0,7,0,0,0,0,0,0,-2,-4,-17,23,18,64,75,83,85,78,70,95,87,98,87,88,90,102,81,106,97,94,87,95,96,149,114,152,152,141,135,141,125,146,138,167,166,153,150,150,148,168,170,183,187,178,164,303,296,529,526,610,619,807,775,913,905,1102,1098,6175,1857]} 1. d4 Nf6 2. c4 g6 3. g3 c6 4. Bg2 d5 5. Qa4 (5. cxd5 cxd5 6. Nf3 Bg7 7. Nc3 Ne4 8. Qa4+ Nc6 9. Ne5 Nxc3 10. bxc3 O-O 11. Nxc6 bxc6 12. O-O Qb6 13. Ba3 Qa6 14. Qxa6 Bxa6 15. Rfb1 Bxe2 16. Bxe7 Rfb8 17. Bd6 Rd8 18. Bc7 Rdc8 19. Bd6 Rd8 20. Bc7 Rdc8 21. Bd6 {½-½ (21) Dubov,D (2691)-Nepomniachtchi,I (2768) Satka 2018}) 5... Bg7 6. cxd5 {D71: Fianchetto Grünfeld: 3 g3 d5 sidelines and 5 cxd5 (without Nf3)} Nxd5 7. Nf3 Nb6 8. Qc2 {The position is equal.} Bg4 9. Nbd2 O-O 10. O-O N8d7 11. Rd1 $146 ({Predecessor:} 11. h3 Bxf3 12. Nxf3 e5 13. Bg5 Bf6 14. Bxf6 Qxf6 15. Rad1 Rfd8 16. e3 exd4 17. Rxd4 {1-0 (48) Wirig,A (2498)-Seyb,A (2403) Germany 2018}) 11... Qc8 12. h3 Bxf3 13. Nxf3 e5 14. e4 Re8 15. Be3 exd4 16. Nxd4 Nf8 17. a4 {[%cal Ba2a4,Ba4a5][%mdl 32]} Ne6 18. Ne2 {[%cal Bd4e2,Be2c3,Bc3e4][%mdl 32]} Nc7 19. a5 Nd7 20. f4 Nf6 21. Bf2 Na6 (21... a6 $142 22. Nc3 h5) 22. Nc3 Bf8 23. e5 Nb4 24. Qb3 Nfd5 25. Kh2 Rd8 26. Ne4 b6 27. Qf3 Qc7 28. axb6 axb6 29. Rac1 Rab8 30. g4 Bg7 {and if ...Nxf4 works, Black does fine.} 31. Bg3 Qe7 32. Re1 Nc7 (32... Rbc8 {was worth a try.} 33. Nd6 Rxd6 34. exd6 Qxd6) 33. Nd6 $18 Ne6 $2 {[#]} (33... c5 34. f5 Bh6) 34. f5 {White is clearly winning.} Nd4 35. Qe4 Rxd6 36. exd6 Qxe4 37. Rxe4 Rd8 38. Rce1 {Threatens to win with Re8+.} Kf8 {[#]} 39. d7 $1 {Precision: White = 80%, Black = 37%.} 1-0

[Event "POL-chT Ekstraliga 2018"]
[Site "Wroclaw"]
[Date "2018.09.14"]
[Round "4"]
[White "Piorun, Kacper"]
[Black "Bobras, Piotr"]
[Result "1-0"]
[WhiteElo "2631"]
[BlackElo "2499"]
[Annotator "TA"]
[PlyCount "187"]
[EventDate "2018.06.08"]
[EventType "team-tourn"]
[EventCountry "POL"]
[SourceTitle "playchess.com"]
[Source "ChessBase"]
[SourceQuality "1"]

{[%evp 22,187,45,34,35,36,45,27,69,68,78,0,55,0,74,68,81,77,77,81,89,71,74,65,71,65,75,69,114,106,112,79,66,50,61,20,32,41,41,35,44,46,72,62,66,65,91,90,127,116,321,337,337,337,325,321,370,290,283,275,282,8,8,14,282,252,238,205,253,54,54,54,102,61,62,61,51,0,0,0,50,46,54,55,55,55,55,52,55,54,104,88,100,120,96,101,114,87,360,351,1961,401,408,373,1045,372,319,387,307,394,385,395,387,392,408,408,408,408,408,394,394,394,394,293,275,257,394,387,387,387,387,0,379,380,379,387,387,387,387,379,372,365,364,364,364,357,317,279,4141,4114,4141,4141,4141,4141,4137,4039,2560,1900,1606,1244,1214,992,1341,1229,2936,2104,1552,1416]} 1. Nf3 Nf6 2. g3 g6 3. Bg2 Bg7 4. d4 O-O 5. O-O d6 6. a4 Nbd7 7. a5 a6 8. Re1 {A49: 1 d4 Nf6 2 Nf3 g6 3 g3: Anti-King's Indian systems} (8. c4 e5 9. Nc3 exd4 10. Nxd4 Ne5 11. b3 c5 12. Nf3 Nc6 13. Bf4 Nh5 14. Bg5 f6 15. Bd2 Nxa5 {1-0 (35) Vachier Lagrave,M (2754)-Szabo,K (2518) Montpellier 2015}) 8... e5 9. e4 exd4 10. Nxd4 Re8 11. Nc3 Nc5 12. h3 {LiveBook: 3 Games} Bd7 13. Bf4 $146 ({Predecessor:} 13. Kh2 Rb8 14. Ra3 b5 15. axb6 Rxb6 {0-1 (24) Ider,B (2379)-Moingt,J (2221) Le Port Marly 2014}) 13... Qc8 14. Kh2 Nh5 15. Be3 Nf6 {[%cal Rc5e4]} 16. Bf4 Nh5 17. Be3 Nf6 $1 {[%cal Rc5e4]} 18. f3 Re5 19. Nde2 {[%cal Bd4e2,Be2f4,Bf4d3][%mdl 32]} Bc6 20. Qd2 Qf8 21. Nf4 h5 22. Nd3 {Bxc5 is the strong threat.} Ree8 23. Nb4 Rab8 24. Rab1 h4 25. g4 $1 Nh7 26. Nbd5 Bxd5 27. Nxd5 c6 28. Nb6 {Hoping for b4.} Rbd8 29. b4 Ne6 30. f4 $1 g5 31. fxg5 Be5+ 32. Kh1 Qg7 {With the idea ...Bc3.} 33. Rf1 $36 {[%mdl 2048] White has good play.} Nexg5 34. Rf5 Bc3 35. Qd3 {aiming for Rxg5!} Re6 $2 (35... Be5 $16 36. Rbf1 f6) 36. Bxg5 $18 Nxg5 {[#]} 37. Rxg5 $1 {[%mdl 512]} Qxg5 38. Qxc3 d5 39. Na4 dxe4 40. Nc5 Red6 {White must now prevent ...Rd1+.} 41. Re1 $2 ({Not} 41. Bxe4 Rd1+ 42. Rxd1 Rxd1+ 43. Kg2 Rd2+ 44. Kf1 Qf4+ 45. Qf3 Rd1+ 46. Kg2 Qd2+ 47. Qf2 Qxb4 $16) (41. Qe1 $18 Re8 42. Nxe4) 41... Rd1 $1 $11 42. Nxe4 ({Wrong is} 42. Bxe4 $2 Qf4 $19) 42... Rxe1+ $4 {[%mdl 8192]} (42... Qc1 $1 $11 43. Nf6+ Kf8 44. Qc5+ Kg7 45. Nh5+ Kh6 46. Rxd1 Qxd1+ 47. Kh2 Qd6+ 48. Qxd6+ Rxd6) 43. Qxe1 $18 Qe5 44. Bf3 Rd4 45. Kg2 $2 (45. c3 $18 Rd3 46. Qe2) 45... Qf4 $1 $14 46. Kf2 Kf8 47. c3 Rd3 48. Qe2 Qh2+ 49. Bg2 ({White should try} 49. Kf1 $1 $14 Qxh3+ 50. Bg2) 49... Qf4+ $1 $11 ({Don't blunder} 49... Rxh3 $2 50. Qd2 $18) 50. Bf3 Qh2+ 51. Kf1 Qxh3+ 52. Bg2 Qe3 53. Qxe3 Rxe3 54. Kf2 Rd3 55. Ke2 Rd7 56. Nc5 Re7+ {[#]} 57. Be4 $1 Kg7 {[#]} 58. Kf3 $1 Kh6 59. Bf5 Rc7 $2 {[%mdl 8192]} (59... Re1 $16 {is a better defense.}) 60. Kf4 $18 f6 $2 (60... Kg7 61. g5 Re7) 61. Ne4 (61. Bd7 $142 h3 62. Kg3) 61... Kg7 62. Kf3 b6 $2 (62... Kf7 63. Kg2 Ke7) 63. axb6 $2 (63. Nd6) 63... Rb7 64. Kg2 Rxb6 65. Kh3 a5 66. bxa5 Ra6 67. Kxh4 Rxa5 68. Kg3 Kf7 69. Kf4 Ke7 70. Ke3 Rd5 71. Bc8 Rb5 72. Kd4 Rd5+ 73. Kc4 Rb5 (73... Rd8 $142) 74. Bf5 Rd5 75. Kb4 Rb5+ 76. Kc4 Rd5 $1 77. Kb3 Rb5+ 78. Kc2 Ra5 79. c4 {[%cal Bc3c4,Bc4c5][%mdl 32]} Ra3 80. Kb2 Re3 81. c5 Kf7 82. Nc3 Ke7 83. Kb3 Re1 84. Kb4 Ra1 $2 (84... Kd8 85. Ka5 Rc1) 85. Ne2 {White is clearly winning.} Kd8 86. Nd4 Kc7 87. Be4 Rg1 88. Bf3 Rf1 89. Kc4 Rc1+ 90. Kd3 Kc8 91. Nb3 Rb1 92. Kc2 Rf1 93. Nd4 Kc7 94. Bxc6 {Precision: White = 70%, Black = 50%.} 1-0

[Event "POL-chT Ekstraliga 2018"]
[Site "Wroclaw"]
[Date "2018.09.14"]
[Round "4"]
[White "Miton, Kamil"]
[Black "Cyborowski, Lukasz"]
[Result "1/2-1/2"]
[WhiteElo "2604"]
[BlackElo "2514"]
[Annotator "TA"]
[PlyCount "60"]
[EventDate "2018.06.08"]
[EventType "team-tourn"]
[EventCountry "POL"]
[SourceTitle "playchess.com"]
[Source "ChessBase"]
[SourceQuality "1"]

{[%evp 21,60,16,27,14,14,14,14,14,14,27,22,19,11,10,11,9,11,6,14,10,8,10,10,0,6,0,14,0,0,0,0,0,0,0,0,0,0,0,0,0,0]} 1. d4 Nf6 2. c4 e6 3. Nf3 d5 4. g3 dxc4 5. Bg2 a6 6. O-O Nc6 7. e3 Bd7 8. Qe2 {E04: Katalanisch} Bd6 9. Qxc4 O-O 10. Rd1 Rb8 (10... Qe7 11. Nc3 b5 12. Qd3 e5 13. dxe5 Bxe5 14. e4 Bg4 15. Bg5 Qe6 {½-½ (33) Gelfand,B (2725)-Oparin,G (2616) Moscow 2016}) 11. Nbd2 Qe7 {LiveBook: 4 Partien} 12. b3 e5 13. Bb2 e4 14. Ne5 Nxe5 15. dxe5 Bxe5 16. Bxe5 {Die Stellung ist ausgeglichen.} Qxe5 17. Nxe4 Nxe4 18. Qxe4 Qxe4 19. Bxe4 Rfd8 $146 20. Rd2 {[#] Tad1 ist eine echte Drohung.} Kf8 $1 21. Rad1 Ke7 22. f4 h6 23. Kf2 c5 24. Rd5 b6 25. Re5+ Kf8 26. Red5 Ke7 27. Re5+ Kf8 28. Red5 Ke7 29. Re5+ Kf8 30. Red5 Ke7 {Precision: Weiß = 55%, Schwarz = 71%.} 1/2-1/2

[Event "POL-chT Ekstraliga 2018"]
[Site "Wroclaw"]
[Date "2018.09.14"]
[Round "4"]
[White "Bartel, Mateusz"]
[Black "Kuzmicz, Krystian"]
[Result "1/2-1/2"]
[WhiteElo "2602"]
[BlackElo "2460"]
[Annotator "TA"]
[PlyCount "177"]
[EventDate "2018.06.08"]
[EventType "team-tourn"]
[EventCountry "POL"]
[SourceTitle "playchess.com"]
[Source "ChessBase"]
[SourceQuality "1"]

{[%evp 18,177,56,25,68,45,45,33,47,38,50,40,40,40,40,36,48,49,52,50,70,68,96,17,90,104,93,91,88,86,77,79,84,84,84,77,93,68,99,85,92,111,96,95,110,77,77,87,124,127,159,136,152,135,161,162,216,184,183,189,181,135,377,374,316,337,403,392,390,190,180,187,172,137,161,147,149,147,139,130,136,133,113,90,90,90,90,0,110,97,90,61,69,0,90,90,90,90,229,217,222,220,208,108,131,110,92,75,278,270,350,347,339,325,395,204,263,256,248,197,181,22,22,22,143,22,22,22,22,20,20,20,20,18,18,0,0,0,16,0,0,0,0,0,0,0,0,0,0,0,0,0,0,0,0,0,0,0,0,0,0,0]} 1. Nf3 d6 2. e4 Nf6 3. Nc3 g6 4. d4 Bg7 5. Be3 c6 6. Qd2 b5 7. Bd3 Nbd7 8. Bh6 Bxh6 9. Qxh6 e5 {B08: Pirc Defence: Classical System} 10. O-O {LiveBook: 7 Games} Qe7 11. Rfe1 $146 ({Predecessor:} 11. a4 b4 12. Ne2 a5 13. Ng3 Bb7 14. c3 c5 15. dxe5 dxe5 16. cxb4 axb4 17. h3 {1-0 (40) Zhang,Z (2607)-Simonenko,S (2463) Ubeda 2001}) 11... Bb7 {White is slightly better.} 12. Rad1 Qf8 13. Qd2 {Black must now prevent Bxb5!} a6 14. a4 {[%cal Ra4b5]} Qe7 15. axb5 axb5 16. d5 b4 17. dxc6 Bxc6 18. Nd5 $1 {[%cal Rd5e7]} Nxd5 {[#]} 19. Nd4 $1 {[%cal Rd4c6][%mdl 512]} Rc8 (19... exd4 20. exd5) 20. Ba6 (20. exd5 $16 Bxd5 21. Qxb4) 20... N5b6 (20... Rc7 $11 {remains equal.} 21. Nxc6 (21. exd5 Bxd5 22. Nb5 Rc5 $14) 21... Rxc6) 21. Bxc8 $16 exd4 22. Qxd4 O-O 23. Bxd7 Nxd7 24. Qxd6 Qxd6 25. Rxd6 Rc8 26. f3 Kf8 27. Ra1 Ke7 28. Rd4 Rb8 29. Ra6 Bb5 30. Ra5 Bc6 31. b3 Rb6 32. Kf2 Ke6 33. g4 {[%cal Bg2g4,Bg4g5][%mdl 32]} Ne5 34. g5 Bb7 {Hoping for ...Nc6.} 35. Rc5 Nc6 36. Rd2 Ra6 (36... Ke7 $142 37. f4 Ra6) 37. Rcd5 Bc8 38. f4 Ke7 39. f5 f6 $2 (39... gxf5 $16 {was called for.} 40. exf5 f6) 40. gxf6+ $18 Kxf6 {[%cal Rg6f5]} 41. Rc5 {And now Rd6+ would win.} Ne7 {[%cal Rg6f5] [#]} 42. Rd6+ $3 {[%mdl 512]} Kf7 (42... Rxd6 43. e5+) 43. fxg6+ (43. e5 $142) 43... hxg6 44. Rxa6 Bxa6 45. Ke3 Ke6 46. Ra5 Bc8 47. Rg5 Kd6 48. h4 Be6 49. Kf4 Bf7 50. Rb5 Nc6 51. Kg5 Ke6 52. Kf4 (52. Rb6 $16 Be8 53. Kf4) 52... Be8 (52... Kd6 $1 $11) 53. Rc5 Kd6 54. Rc4 Ke6 55. Rc5 Kd6 $1 {[%cal Rd6c5]} 56. Rd5+ Ke6 57. Rd1 Ke7 (57... Ne5 $16 58. Rd2 Bd7) 58. e5 $1 Nd8 59. Rd6 Ne6+ 60. Kg4 (60. Ke4 $18) 60... Bd7 61. Rb6 Nd4+ 62. Kg5 Be8 $2 (62... Nf3+ $16 {keeps fighting.} 63. Kxg6 Nxh4+ 64. Kg5 Nf3+ 65. Kf4 Ne1) 63. Rxb4 Nxc2 64. Rb7+ Ke6 65. Rb8 Bf7 66. Kf4 (66. b4 $142) 66... Nd4 67. b4 Nc6 68. Rb6 Kd5 69. Rb5+ $2 (69. Rb7 $1 $18 {[%cal Rb7d7]} Be8 70. b5) 69... Kd4 $11 70. Rb7 Bd5 {[#]} (70... Nxe5 $11 71. Re7 Nd3+ 72. Kg5 Bb3) 71. b5 (71. e6 $1 $16 {[%mdl 512] Threatens to win with Rd7.} Bxe6 72. b5) 71... Nxe5 {The position is equal.} 72. Re7 Nc4 73. Kg5 Be4 74. Re6 {Strongly threatening b6.} Kd5 75. Kf6 Bf5 76. Re1 Bc2 77. Rc1 Be4 78. Re1 Bc2 79. Rg1 Kc5 80. Rxg6 Bxg6 81. Kxg6 {[%mdl 4096] Endgame KN-KPP} Ne5+ 82. Kf6 Ng4+ 83. Kg5 Ne5 $1 84. h5 Kxb5 85. Kf5 Nf7 86. Kf6 Nh6 87. Kg6 Ng4 88. h6 Nxh6 $1 89. Kxh6 {Precision: White = 56%, Black = 60%.} 1/2-1/2

[Event "POL-chT Ekstraliga 2018"]
[Site "Wroclaw"]
[Date "2018.09.14"]
[Round "4"]
[White "Moranda, Wojciech"]
[Black "Klekowski, Maciej"]
[Result "1-0"]
[WhiteElo "2601"]
[BlackElo "2509"]
[Annotator "TA"]
[PlyCount "95"]
[EventDate "2018.06.08"]
[EventType "team-tourn"]
[EventCountry "POL"]
[SourceTitle "playchess.com"]
[Source "ChessBase"]
[SourceQuality "1"]

{[%evp 31,95,0,0,0,0,0,0,0,0,0,22,16,19,20,23,24,125,129,131,121,144,144,119,117,133,123,133,91,165,167,160,160,184,185,214,214,214,214,214,214,222,222,229,222,279,276,312,302,572,567,628,594,718,718,595,592,581,581,574,571,567,564,563,548,29985,29986]} 1. e4 c5 2. Nf3 Nc6 3. d4 cxd4 4. Nxd4 g6 5. Nc3 Bg7 6. Be3 Nf6 7. Bc4 O-O 8. Bb3 d6 9. f3 Qa5 10. Qd2 Nxd4 11. Bxd4 Be6 12. O-O-O b5 {[%cal Bb7b5,Bb5b4][%mdl 32]} 13. Kb1 b4 14. Nd5 Bxd5 15. exd5 Qb5 {B77: Sicilian Dragon: Yugoslav Attack, 9 Bc4 sidelines} 16. Rhe1 (16. Qd3 Qxd3 17. Rxd3 Nd7 18. f4 Nc5 19. Bxc5 dxc5 20. Re3 Bf6 21. g4 g5 22. fxg5 Bxg5 23. Re4 {1-0 (45) Karthikeyan,M (2579)-Vallejo Pons,F (2717) Tbilisi 2017}) 16... a5 $1 {[%cal Ra5a4] LiveBook: 14 Games. Threatens to win with ...a4.} 17. Qd3 ({Don't go for} 17. Rxe7 $2 a4 $19) 17... Qxd3 {The position is equal.} 18. cxd3 $146 ({Predecessor:} 18. Rxd3 a4 19. Bc4 Rfc8 20. Bb5 Ra5 21. Bc6 Nxd5 22. Bxd5 Rxd5 23. Bxg7 Rxd3 24. cxd3 Kxg7 25. Rxe7 {½-½ (69) Ganguly,S (2498)-Felgaer,R (2390) Yerevan 2000}) 18... a4 19. Bc4 Rfe8 20. Bb5 Reb8 21. Bc6 Ra5 22. Rxe7 {Black must now prevent Rde1.} Nxd5 23. Ra7 $36 {[%mdl 2048] White is pushing.} Bxd4 (23... Ne7 $1 $11 {keeps the balance.} 24. Rxa5 Nxc6 25. Bxg7 Nxa5) 24. Rxa5 $16 Ne3 25. Rc1 ({Much less strong is} 25. Bxa4 Nxd1 26. Bxd1 Be3 $14) 25... a3 26. bxa3 bxa3+ 27. Rb5 Rxb5+ 28. Bxb5 Nxg2 {[%mdl 4096] Endgame KRB-KBN} 29. Rc7 {Strongly threatening Bc4.} Ne3 (29... Nf4 $16) 30. Bc4 $1 $18 d5 31. Bb3 $1 Be5 {[#]} 32. Re7 $1 {[%cal Re7e8]} Bf4 {[#]} 33. h3 $1 Kf8 34. Ra7 Bd6 35. Rd7 Be7 36. Bxd5 Ng2 37. Bc4 Nf4 38. d4 {[%cal Bd3d4,Bd4d5,Bd5d6][%mdl 32]} Ke8 39. Bb5 Nxh3 $2 (39... Nh5 {is a better defense.} 40. Kc2 Ng3) 40. d5 Nf4 41. d6 Bg5 42. Ra7+ Kf8 43. Bc4 h5 44. Rxf7+ Ke8 45. Rh7 h4 46. Kc2 h3 47. Kb3 Kf8 48. d7 {Precision: White = 94%, Black = 47%.} 1-0

[Event "POL-chT Ekstraliga 2018"]
[Site "Wroclaw"]
[Date "2018.09.14"]
[Round "4"]
[White "Tomczak, Jacek"]
[Black "Ponizil, Cyril"]
[Result "1-0"]
[WhiteElo "2598"]
[BlackElo "2493"]
[Annotator "TA"]
[PlyCount "89"]
[EventDate "2018.06.08"]
[EventType "team-tourn"]
[EventCountry "POL"]
[SourceTitle "playchess.com"]
[Source "ChessBase"]
[SourceQuality "1"]

{[%evp 13,89,35,37,37,31,37,42,48,82,0,64,77,73,51,33,46,80,73,72,81,122,122,122,127,120,63,72,43,42,50,73,77,68,75,73,56,72,47,77,77,77,80,90,68,63,63,60,71,72,72,102,102,144,143,151,122,210,165,231,204,321,189,313,222,227,222,227,219,266,266,264,266,256,263,261,253,273,270]} 1. e4 c5 2. Nf3 e6 3. d4 cxd4 4. Nxd4 a6 5. Be2 b5 6. O-O {B41: Sicilian: Kan Variation: 5 c4} Bb7 7. c4 b4 {LiveBook: 3 Games} 8. Qd3 {White is slightly better.} Qc7 $146 ({Predecessor:} 8... Ne7 9. Be3 Ng6 10. Nd2 Qc7 11. Rac1 Nf4 12. Bxf4 Qxf4 13. c5 Nc6 14. Nxc6 Bxc6 {½-½ (30) Tomczak,J (2583)-Balogh,C (2634) Germany 2018}) 9. Be3 Nf6 10. Nd2 Bc5 11. N4b3 (11. Bf3 $16 {And now e5! would win.} Bd6 12. g3) 11... Bxe3 (11... Be7 $1 $11) 12. Qxe3 $14 d6 13. Qg3 O-O 14. c5 e5 15. cxd6 Qxd6 16. Nc4 Qe6 17. Nc5 Nxe4 18. Nxe6 {[%csl Ge6][%cal Rg3g7] [#]} Nxg3 19. hxg3 (19. fxg3 $16 fxe6 20. Bg4 (20. Nxe5 Nc6 $14)) 19... fxe6 20. Nxe5 {Strongly threatening Rfc1.} Nc6 21. Nf3 Rad8 22. Bc4 {Ng5 is the strong threat.} Rd6 23. Rfe1 Bc8 24. Re4 h6 25. Rc1 Rf6 26. Bb3 Bb7 27. Ba4 a5 28. Rec4 $36 {[%mdl 2048] White has some pressure.} Nd8 29. Rd4 Rxd4 30. Nxd4 e5 31. Nc2 Nc6 32. Rd1 Kf8 33. Rd5 Ba6 34. Ne3 Nd4 (34... e4 $16 {was called for.} 35. Rc5 Nd4) 35. f3 Ne2+ (35... Nc6 {might work better.} 36. Bxc6 Rxc6 37. Rxe5 (37. Rxa5 Bd3 $16) 37... a4 38. Rf5+ Kg8) 36. Kh2 Nc1 (36... Re6 $142 37. Bd7 (37. Rxa5 Nd4 $16) 37... Rg6) 37. Rxa5 (37. Rxe5 $6 Nd3 $18) (37. Ng4 $142) 37... Nxa2 (37... e4 $142 38. fxe4 Bb7) 38. Rxe5 Nc1 39. Nd5 Rd6 40. Nxb4 Rd4 41. Rf5+ {White has a decisive advantage.} ({Don't do} 41. Nxa6 $6 Rxa4 42. Nc5 Rb4 $18) 41... Kg8 42. Rf4 ({Don't play} 42. Nxa6 $6 Rxa4 43. Nc7 Rb4 $18) 42... Rxf4 43. gxf4 Bc4 44. Bd1 Bb5 45. Kg3 {Precision: White = 70%, Black = 34%.} 1-0

[Event "POL-chT Ekstraliga 2018"]
[Site "Wroclaw"]
[Date "2018.09.14"]
[Round "4"]
[White "Socko, Bartosz"]
[Black "Bartel, Michal"]
[Result "1-0"]
[WhiteElo "2588"]
[BlackElo "2360"]
[Annotator "TA"]
[PlyCount "59"]
[EventDate "2018.06.08"]
[EventType "team-tourn"]
[EventCountry "POL"]
[SourceTitle "playchess.com"]
[Source "ChessBase"]
[SourceQuality "1"]

{[%evp 14,59,19,15,33,48,47,43,58,35,43,39,64,48,130,55,39,39,55,52,40,20,22,26,47,27,27,13,55,21,20,22,22,31,24,31,22,0,7,5,5,8,592,578,1454,1407,1127,1051]} 1. Nf3 Nf6 2. c4 c5 3. Nc3 d6 4. g3 e5 5. Bg2 Nc6 6. O-O Be7 7. a3 {A34: Symmetrical English: 2 Nc3, lines with ...d5} O-O 8. Rb1 {LiveBook: 11 Games} h6 9. b4 $146 {White is slightly better.} ({Predecessor:} 9. d3 a5 10. Ne1 Bg4 11. Nc2 Qd7 12. Ne3 Bh3 13. Ned5 Bxg2 14. Kxg2 Nxd5 15. Nxd5 {1-0 (54) Savchenko,S (2565)-Ardiansyah,H (2415) Jakarta 1997}) 9... e4 10. Ne1 $1 Bf5 11. d3 {[%cal Rd3e4]} exd3 12. Nxd3 Rb8 13. Bf4 g5 {[#]} ({Black should try} 13... cxb4 $14 14. axb4 Rc8) 14. Be3 (14. Bc1 $1 $16) 14... Ne5 $1 $14 {[%cal Re5c4]} 15. bxc5 {Hoping for Nxe5.} Nxd3 16. exd3 {cxd6 is the strong threat.} dxc5 17. Nd5 Nxd5 18. Bxd5 b5 19. Re1 Qd7 20. Qe2 Rfd8 21. Qh5 (21. h4 $5) 21... Bf8 22. h4 Bxd3 23. Rbd1 bxc4 {[#]} 24. Bxc4 $1 {[%mdl 512]} Qf5 (24... Bxc4 25. Rxd7) 25. g4 (25. Bxd3 {is interesting.} Rxd3 26. Rxd3 Qxd3 27. hxg5 Qf5 28. Qh4) 25... Qh7 $132 {[%mdl 2048] Black is fighting back} 26. Rxd3 Rxd3 27. hxg5 {Black must now prevent g6.} Rxe3 $4 {[%mdl 8192]} (27... Rd6 $1 $11 {and Black is okay.}) 28. Rxe3 $18 {White is clearly winning.} hxg5 29. Qxg5+ Bg7 {[#]} 30. Bxf7+ $1 {[%mdl 512] Precision: White = 44%, Black = 30%.} 1-0

[Event "POL-chT Ekstraliga 2018"]
[Site "Wroclaw"]
[Date "2018.09.14"]
[Round "4"]
[White "Kempinski, Robert"]
[Black "Kryvoruchko, Yuriy"]
[Result "1/2-1/2"]
[WhiteElo "2575"]
[BlackElo "2695"]
[Annotator "TA"]
[PlyCount "61"]
[EventDate "2018.06.08"]
[EventType "team-tourn"]
[EventCountry "POL"]
[SourceTitle "playchess.com"]
[Source "ChessBase"]
[SourceQuality "1"]

{[%evp 25,61,24,33,18,20,0,51,29,24,10,4,0,18,0,0,0,0,0,0,0,0,0,0,0,0,0,0,0,21,0,0,0,0,0,0,0,3,0]} 1. d4 Nf6 2. c4 e6 3. Nf3 d5 4. Nc3 Be7 5. Bg5 h6 6. Bh4 O-O 7. e3 Nbd7 8. Bd3 dxc4 9. Bxc4 a6 10. a4 {D60: Queen's Gambit Declined: Classical: Unusual White 7th moves} b6 (10... c5 11. O-O cxd4 12. Nxd4 Nb6 13. Be2 Nbd5 14. Nxd5 Nxd5 15. Bxe7 Qxe7 16. Qb3 b6 17. Bf3 Bb7 18. Nf5 exf5 19. Bxd5 Bxd5 20. Qxd5 {½-½ (33) Nakamura,H (2769)-Carlsen,M (2843) Stavanger 2018}) 11. O-O Bb7 12. Qe2 c5 13. Rfd1 cxd4 {LiveBook: 4 Games} 14. Nxd4 Qe8 15. Bg3 Nc5 (15... Nb8 $11) 16. Bc7 $146 ({Predecessor:} 16. f3 Rc8 17. Rdc1 Nd5 18. Bxd5 exd5 19. Re1 Qd7 {1-0 (51) Akhmadeev,V (2417)-Kirillov,A (2360) Cheliabinsk 2005}) 16... Ncd7 17. e4 {Threatens to win with e5.} Rc8 {The position is equal.} 18. Bg3 Bb4 {And now ...Bxc3 would win.} 19. e5 (19. Na2 {feels hotter.} Be7 20. b4 e5 21. Nf5 Bxe4 22. Nxe7+ Qxe7 23. Bxa6 Rc7 24. Rac1) 19... Bxc3 20. exf6 Bxd4 $1 21. Rxd4 {[#] fxg7 is the strong threat.} Nxf6 22. Bxa6 Bxa6 23. Qxa6 Qc6 24. Rd6 Qc1+ 25. Rxc1 Rxc1+ 26. Qf1 $1 {[%cal Rf1c1]} Rxf1+ 27. Kxf1 Nd5 28. Rc6 Ra8 29. b3 Kf8 30. Be5 f6 31. Bd6+ {Precision: White = 41%, Black = 75%.} 1/2-1/2